Ley 100 de 1993 : reforma y crisis de la salud : impacto de la reforma de la seguridad social en salud sobre la medicina como profesion y como ciencia. Parte II (Registro nro. 276446)

Detalles MARC
001 - NÚMERO DE CONTROL
campo de control 802870
005 - FECHA Y HORA DE LA ÚLTIMA TRANSACCIÓN
campo de control 20260506095627.0
008 - DATOS DE LONGITUD FIJA--INFORMACIÓN GENERAL
campo de control de longitud fija 030328e20020301 spa
020 ## - NÚMERO INTERNACIONAL ESTÁNDAR DEL LIBRO
Número Internacional Estándar del Libro 9589711707
035 ## - NÚMERO DE CONTROL DEL SISTEMA
Número de control de sistema 802870
035 ## - NÚMERO DE CONTROL DEL SISTEMA
Número de control de sistema (OCoLC)777860489
040 ## - FUENTE DE LA CATALOGACIÓN
Centro/agencia transcriptor comduadb
041 ## - CÓDIGO DE LENGUA
Código de lengua del texto/banda sonora o título independiente spa
050 #4 - SIGNATURA TOPOGRÁFICA DE LA BIBLIOTECA DEL CONGRESO
Número de clasificación HD
100 10 - ENTRADA PRINCIPAL--NOMBRE DE PERSONA
Nombre de persona Patiño Restrepo, José Félix
Código de función edt
Número de control del registro de autoridad o número normalizado (viaf)13780616
Término indicativo de función/relación Editor/a
9 (RLIN) 283813
245 10 - MENCIÓN DE TÍTULO
Título Ley 100 de 1993 : reforma y crisis de la salud : impacto de la reforma de la seguridad social en salud sobre la medicina como profesion y como ciencia. Parte II
260 ## - PUBLICACIÓN, DISTRIBUCIÓN, ETC.
Lugar de publicación, distribución, etc. Bogotá :
Nombre del editor, distribuidor, etc. Academia Nacional de Medicina,
Fecha de publicación, distribución, etc. 2002.
300 ## - DESCRIPCIÓN FÍSICA
Extensión 217 p.
650 ## - PUNTO DE ACCESO ADICIONAL DE MATERIA--TÉRMINO DE MATERIA
Término de materia o nombre geográfico como elemento de entrada Ley 100 de 1993
9 (RLIN) 58116
650 ## - PUNTO DE ACCESO ADICIONAL DE MATERIA--TÉRMINO DE MATERIA
Término de materia o nombre geográfico como elemento de entrada Reforma de los sistemas de salud
9 (RLIN) 16602
650 ## - PUNTO DE ACCESO ADICIONAL DE MATERIA--TÉRMINO DE MATERIA
Término de materia o nombre geográfico como elemento de entrada Salud - Legislación
9 (RLIN) 119495
650 #7 - PUNTO DE ACCESO ADICIONAL DE MATERIA--TÉRMINO DE MATERIA
Término de materia o nombre geográfico como elemento de entrada Seguridad social
Fuente del encabezamiento o término embne
9 (RLIN) 35032
650 ## - PUNTO DE ACCESO ADICIONAL DE MATERIA--TÉRMINO DE MATERIA
Término de materia o nombre geográfico como elemento de entrada Recursos humanos en salud
9 (RLIN) 13934
650 ## - PUNTO DE ACCESO ADICIONAL DE MATERIA--TÉRMINO DE MATERIA
Término de materia o nombre geográfico como elemento de entrada Equidad en salud
9 (RLIN) 64421
650 ## - PUNTO DE ACCESO ADICIONAL DE MATERIA--TÉRMINO DE MATERIA
Término de materia o nombre geográfico como elemento de entrada Hospitales universitarios
9 (RLIN) 27013
650 #7 - PUNTO DE ACCESO ADICIONAL DE MATERIA--TÉRMINO DE MATERIA
Término de materia o nombre geográfico como elemento de entrada Calidad de la atención de salud
Fuente del encabezamiento o término dcs
9 (RLIN) 237157
710 20 - ENTRADA AGREGADA--NOMBRE DE ENTIDAD CORPORATIVA
Nombre de entidad corporativa o nombre de jurisdicción como elemento de entrada Academia Nacional de Medicina de Colombia
Unidad subordinada
Código de función aut
Término indicativo de función/relación Autor/a
9 (RLIN) 830232
942 ## - ELEMENTOS DE ENTRADA AGREGADA (KOHA)
Tipo de ítem Koha Libros
Existencias
Estado de retiro Estado de pérdida Estado dañado No para préstamo Código de colección Localización permanente Ubicación/localización actual Fecha de adquisición Número de inventario Total de préstamos Signatura topográfica completa Código de barras Fecha visto por última vez Número de copia Precio válido a partir de Tipo de ítem Koha
        Colección Semiactiva Biblioteca de Salud Pública, Campus Medellín Biblioteca de Salud Pública, Campus Medellín 28/03/2003 C774424   HD7091 P3-02 61000002303192 25/04/2023 1 25/04/2023 Libros
        Colección General Instituto de Educación Física. Robledo Instituto de Educación Física. Robledo 26/10/2004 C844592   HD7090 P3 2002 0558528 25/04/2023 2 25/04/2023 Libros